01332nam0a22002411 4500001001100000005001700011021001900028035002600047100004100073101000800114102000700122105001800129200040100147210004000548215002300588300011100611606008300722702003000805712019600835801001801031801002201049852001901071rc\317519720260406205609.0 aRUb[76-30056] a(NLR Aleph) 007330356 a20120615d1976 |||y0rusy50 ca0 arus aRU aa z |||||1 aТехнология и механизация производств в лесной и деревообрабатывающей промышленностиeтезисы докл. участников науч.-техн. конф. молодых ученых и специалистов (31 марта 1976 г.)f[отв. ред. канд. техн. наук С. К. Иванов и др.] aКрасноярскcБ. и.d1976 a198 с.cил.d20 aВ надзаг.: Краснояр. краев. науч.-техн. о-во лесной пром-сти aЛесная промышленностьjТезисы докладов2psbo 1aИвановbС.К.4340024570aНТО лесной промышленности и лесного хозяйстваcМоскваbКрасноярское краевое правление3RU\NLR\AUTH\889966238 0aRUbNLRgpsbo 1aRUbELAR2rusmarc aNLRj76-3/6050